<?xml version="1.0" encoding="UTF-8"?>
<collection xmlns="http://www.loc.gov/MARC21/slim">
 <record>
  <leader>     na                 </leader>
  <controlfield tag="001">INLIS000000000002253</controlfield>
  <controlfield tag="005">20220420110506</controlfield>
  <datafield tag="035" ind1=" " ind2=" ">
   <subfield code="a">0010-0422001827</subfield>
  </datafield>
  <controlfield tag="007">ta</controlfield>
  <controlfield tag="008">220420                g          f ind  </controlfield>
  <datafield tag="020" ind1=" " ind2=" ">
   <subfield code="a">978-9793718-09-5</subfield>
  </datafield>
  <datafield tag="082" ind1=" " ind2=" ">
   <subfield code="a">899.221 3</subfield>
  </datafield>
  <datafield tag="084" ind1=" " ind2=" ">
   <subfield code="a">899.221 3 MUH s</subfield>
  </datafield>
  <datafield tag="100" ind1="0" ind2=" ">
   <subfield code="a">Muhammad bin Abdurrahman Al-Uraifi</subfield>
  </datafield>
  <datafield tag="245" ind1="1" ind2=" ">
   <subfield code="a">Sarah /</subfield>
   <subfield code="c">Muhammad bin Abdurrahman Al-Uraifi</subfield>
  </datafield>
  <datafield tag="250" ind1=" " ind2=" ">
   <subfield code="a">Cet. 1</subfield>
  </datafield>
  <datafield tag="260" ind1=" " ind2=" ">
   <subfield code="a">Jakarta Pusat :</subfield>
   <subfield code="b">Pustaka Petronomika,</subfield>
   <subfield code="c">[s.a]</subfield>
  </datafield>
  <datafield tag="300" ind1=" " ind2=" ">
   <subfield code="a">ii, 241 hlm. :</subfield>
   <subfield code="b">- ;</subfield>
   <subfield code="c">10x14 cm.</subfield>
   <subfield code="e">-</subfield>
  </datafield>
  <datafield tag="700" ind1="0" ind2=" ">
   <subfield code="a">penerjemah, Abdurrahim Sufandi Ahmad</subfield>
  </datafield>
  <datafield tag="520" ind1=" " ind2=" ">
   <subfield code="a">-</subfield>
  </datafield>
  <datafield tag="600" ind1=" " ind2="4">
   <subfield code="a">Muhammad bin Abdurrahman Al-Uraifi</subfield>
  </datafield>
  <datafield tag="856" ind1=" " ind2=" ">
   <subfield code="a">-</subfield>
  </datafield>
  <datafield tag="990" ind1=" " ind2=" ">
   <subfield code="a">221420</subfield>
  </datafield>
 </record>
</collection>
